[Event "Pardubice op-A"]
[Site "Pardubice"]
[Date "2006.07.27"]
[Round "7"]
[White "Tuma, Jiri"]
[Black "Vager, Igor"]
[Result "1-0"]
[WhiteElo "2310"]
[BlackElo "2234"]
[PlyCount "79"]
[EventDate "2006.07.21"]
[EventType "swiss"]
[EventRounds "9"]
[EventCountry "CZE"]
[SourceTitle "CBM 113 Extra"]
[Source "ChessBase"]
[SourceDate "2006.09.14"]
[SourceVersion "1"]
[SourceVersionDate "2006.09.14"]
[SourceQuality "1"]

1. e4 c5 2. Nf3 e6 3. d4 cxd4 4. Nxd4 Nf6 5. Nc3 Nc6 6. g3 d5 7. Bg2 Bb4 8. exd5 Nxd5 9. 0-0 0-0 10. Nxd5 exd5 11. c3 Be7 12. Bf4 Nxd4 13. Qxd4 Be6 14. Be5 b6 15. Rad1 Bc5 16. Qf4 f6 17. Bd4 Rc8 18. Bxc5 bxc5 19. Rfe1 Bf7 20. Bxd5 Bxd5 21. Qf5 g6 22. Qxd5+ Qxd5 23. Rxd5 Rc7 24. c4 Kf7 25. Kf1 Rb8 26. b3 a5 27. Rd6 a4 28. Ree6 f5 29. Rb6 axb3 30. axb3 Ra8 31. Rec6 Re7 32. Rxc5 Ra2 33. Rcc6 Kg7 34. Re6 Rd7 35. Rbd6 Rb7 36. Re3 Rb2 37. Rdd3 Ra7 38. h4 Raa2 39. Rf3 Kf6 40. c5 1-0

[Event "Pardubice op-A"]
[Site "Pardubice"]
[Date "2005.07.23"]
[Round "2"]
[White "Aliev, Kerim"]
[Black "Vager, Igor"]
[Result "1/2-1/2"]
[WhiteElo "2325"]
[BlackElo "2232"]
[PlyCount "51"]
[EventDate "2005.07.22"]
[EventType "swiss"]
[EventRounds "9"]
[EventCountry "CZE"]
[SourceTitle "CBM 107 Extra"]
[Source "ChessBase"]
[SourceDate "2005.09.01"]
[SourceVersion "1"]
[SourceVersionDate "2005.09.01"]
[SourceQuality "1"]

1. d4 d5 2. c4 c6 3. Nf3 e6 4. e3 f5 5. Be2 Nf6 6. 0-0 Be7 7. b3 Ne4 8. Ba3 Bxa3 9. Nxa3 Qe7 10. Nc2 Nd7 11. Nce1 0-0 12. Nd3 b6 13. Qc2 Bb7 14. b4 a5 15. a3 Ba6 16. c5 Bxd3 17. Bxd3 b5 18. a4 axb4 19. axb5 cxb5 20. Qb3 f4 21. Rxa8 Rxa8 22. exf4 Ra3 23. Qb1 Ndf6 24. Bxb5 b3 25. Rc1 Qb7 26. Bf1 1/2-1/2

[Event "Heart of Finland op 13th"]
[Site "Jyvaskyla"]
[Date "2003.??.??"]
[Round "3"]
[White "Nevanlinna, Risto"]
[Black "Vager, Igor"]
[Result "1/2-1/2"]
[WhiteElo "2343"]
[BlackElo "2210"]
[PlyCount "106"]
[EventDate "2003.07.09"]
[EventType "swiss"]
[EventRounds "9"]
[EventCountry "FIN"]
[SourceTitle "EXT 2005"]
[Source "ChessBase"]
[SourceDate "2004.11.15"]
[SourceVersion "1"]
[SourceVersionDate "2004.11.15"]
[SourceQuality "1"]

1. e4 c5 2. Nf3 e6 3. d4 cxd4 4. Nxd4 Nf6 5. Nc3 Nc6 6. Ndb5 Bb4 7. a3 Bxc3+ 8. Nxc3 d5 9. exd5 Nxd5 10. Bd2 0-0 11. Qh5 e5 12. Bd3 f5 13. 0-0-0 Nf6 14. Bc4+ Kh8 15. Qh4 Nd4 16. Nb5 Nxb5 17. Bxb5 Qb6 18. Bb4 Rf7 19. Ba4 a5 20. Rd6 Qc7 21. Rhd1 axb4 22. Rd8+ Ng8 23. Rxg8+ Kxg8 24. Rd8+ Rf8 25. Bb3+ Be6 26. Bxe6+ Kh8 27. Bxf5 h6 28. Rxa8 Rxa8 29. Qxb4 Qf7 30. Be4 Qxf2 31. Kb1 Rb8 32. a4 Qd4 33. Qxd4 exd4 34. a5 Kg8 35. Kc1 Kf7 36. Kd2 Ke6 37. Kd3 Ke5 38. b4 Rc8 39. Bxb7 Rc3+ 40. Kd2 Ra3 41. a6 Kd6 42. Kc1 Kc7 43. Kb2 Rc3 44. b5 Kb6 45. Bc6 Re3 46. Kc1 Ra3 47. Kd2 Rc3 48. Be4 Re3 49. Bd3 Re5 50. g3 Rh5 51. h4 Re5 52. g4 g5 53. h5 Rc5 1/2-1/2

[Event "Heart of Finland op 13th"]
[Site "Jyvaskyla"]
[Date "2003.??.??"]
[Round "5"]
[White "Seeman, Tarvo"]
[Black "Vager, Igor"]
[Result "1-0"]
[WhiteElo "2446"]
[BlackElo "2210"]
[PlyCount "81"]
[EventDate "2003.07.09"]
[EventType "swiss"]
[EventRounds "9"]
[EventCountry "FIN"]
[SourceTitle "EXT 2005"]
[Source "ChessBase"]
[SourceDate "2004.11.15"]
[SourceVersion "1"]
[SourceVersionDate "2004.11.15"]
[SourceQuality "1"]

1. g3 d5 2. Nf3 Bg4 3. Bg2 Nd7 4. 0-0 c6 5. d3 e6 6. c4 Bd6 7. Nc3 Ne7 8. a3 a5 9. cxd5 exd5 10. Qc2 0-0 11. h3 Bh5 12. e4 Re8 13. Be3 Rc8 14. Ne2 Bg6 15. Nh4 Qc7 16. Nxg6 Nxg6 17. Rac1 dxe4 18. dxe4 b5 19. f4 c5 20. e5 Qb8 21. Rcd1 Ndxe5 22. fxe5 Bxe5 23. Rd7 Rc7 24. Rfxf7 Rxd7 25. Rxd7 Bxg3 26. Bxc5 Be5 27. Ra7 Nf4 28. Nxf4 Bxf4 29. Bd5+ Kh8 30. Ra8 Qe5 31. Rxe8+ Qxe8 32. Qe4 Qb8 33. Kg2 h5 34. Bd4 Qd8 35. Qf5 Bh6 36. Qxh5 Kh7 37. Qf5+ Kh8 38. h4 Qxh4 39. Be4 Qg5+ 40. Qxg5 Bxg5 41. Bc3 1-0

[Event "Heart of Finland op 12th"]
[Site "Jyvaskyla"]
[Date "2002.??.??"]
[Round "6"]
[White "Johansson, Jukka"]
[Black "Vager, Igor"]
[Result "0-1"]
[WhiteElo "2127"]
[BlackElo "2196"]
[PlyCount "126"]
[EventDate "2002.09.??"]
[EventType "swiss"]
[EventRounds "9"]
[EventCountry "FIN"]
[SourceTitle "EXT 2004"]
[Source "ChessBase"]
[SourceDate "2003.11.25"]
[SourceVersion "1"]
[SourceVersionDate "2003.11.25"]
[SourceQuality "1"]

1. d4 Nf6 2. c4 d5 3. cxd5 Nxd5 4. e4 Nf6 5. Nc3 e6 6. g3 Be7 7. Bg2 0-0 8. Nge2 c6 9. 0-0 Nbd7 10. b3 Re8 11. Bb2 b6 12. Qd2 Bb7 13. Rfd1 Rc8 14. Rac1 Nf8 15. h3 h6 16. a3 Ng6 17. b4 Bf8 18. e5 Nd5 19. Nxd5 cxd5 20. Nc3 Ba6 21. b5 Bb7 22. Bf1 Be7 23. Bd3 Nf8 24. Ne2 f6 25. exf6 Bxf6 26. f4 Re7 27. Kh2 Rec7 28. Rxc7 Rxc7 29. Ng1 Bc8 30. Nf3 Bd7 31. Qe2 Be8 32. Re1 Qd6 33. Qe3 Bg6 34. Bxg6 Nxg6 35. Rc1 Kf7 36. Rc3 Ne7 37. Ne5+ Bxe5 38. fxe5 Qd7 39. Qf3+ Kg8 40. a4 Nf5 41. Qd3 Qc8 42. Kg2 Rc4 43. h4 a6 44. Kh3 axb5 45. axb5 Rxc3 46. Qxc3 Qc4 47. Qxc4 dxc4 48. Kg4 Ne3+ 49. Kf3 Nd5 50. h5 Kf7 51. Ke4 Nc7 52. g4 Ke8 53. Bc1 Nxb5 54. d5 Nc3+ 55. Ke3 exd5 56. Ba3 Nb5 57. Bb4 d4+ 58. Ke4 d3 59. e6 Nc7 60. Kd4 b5 61. Bd2 Nxe6+ 62. Kd5 Kf7 63. Bc3 Nf4+ 0-1

[Event "Chigorin Memorial 08th"]
[Site "St Petersburg"]
[Date "2000.11.09"]
[Round "8"]
[White "Weetik, Vjacheslav"]
[Black "Vager, Igor"]
[Result "1-0"]
[WhiteElo "2365"]
[BlackElo "2174"]
[PlyCount "61"]
[EventDate "2000.10.31"]
[EventType "swiss"]
[EventRounds "9"]
[EventCountry "RUS"]
[SourceTitle "EXT 2001"]
[Source "ChessBase"]
[SourceDate "2000.11.22"]
[SourceVersion "1"]
[SourceVersionDate "2000.11.22"]
[SourceQuality "1"]

1. d4 d5 2. c4 Nf6 3. cxd5 Nxd5 4. e4 Nf6 5. Nc3 c6 6. h3 e6 7. Nf3 Be7 8. Bd3 0-0 9. 0-0 Nbd7 10. Qe2 Re8 11. Rd1 Nf8 12. Be3 b6 13. Rac1 Bb7 14. Bb1 Rc8 15. Ne5 N6d7 16. f4 Qc7 17. Nxd7 Qxd7 18. e5 f5 19. a3 Red8 20. Ba2 Kh8 21. Rd2 b5 22. Rcd1 b4 23. Na4 bxa3 24. Nc5 Bxc5 25. dxc5 Qc7 26. bxa3 g5 27. Rd6 gxf4 28. Bxf4 Rxd6 29. exd6 Qf7 30. d7 Rd8 31. Qb2+ 1-0

[Event "Chigorin Memorial 08th"]
[Site "St Petersburg"]
[Date "2000.11.05"]
[Round "5"]
[White "Vager, Igor"]
[Black "Stjazhkina, Olga"]
[Result "1/2-1/2"]
[WhiteElo "2174"]
[BlackElo "2337"]
[PlyCount "86"]
[EventDate "2000.10.31"]
[EventType "swiss"]
[EventRounds "9"]
[EventCountry "RUS"]
[SourceTitle "EXT 2001"]
[Source "ChessBase"]
[SourceDate "2000.11.22"]
[SourceVersion "1"]
[SourceVersionDate "2000.11.22"]
[SourceQuality "1"]

1. d4 d5 2. Nf3 Nc6 3. Bf4 Bg4 4. e3 e6 5. Nbd2 Bd6 6. Bg3 e5 7. dxe5 Nxe5 8. Be2 Nxf3+ 9. Bxf3 Bxf3 10. Qxf3 Nf6 11. 0-0 Bxg3 12. Qxg3 0-0 13. Rad1 Qe7 14. Qf4 Rad8 15. Rfe1 Rfe8 16. c3 h6 17. h3 c5 18. Nf3 Qd7 19. Nd2 Qb5 20. Rb1 Qa6 21. a3 Qd3 22. Nf1 Ne4 23. Red1 Qc2 24. Rdc1 Qb3 25. Rd1 Qc2 26. Rdc1 Qe2 27. Ng3 Qb5 28. Nxe4 dxe4 29. Qg4 c4 30. Qe2 Rd3 31. b3 cxb3 32. Qb2 b6 33. Qxb3 Qe5 34. Qa4 Re7 35. Rb5 Qf6 36. c4 Rd2 37. Rf1 Qc3 38. Qb4 Qxb4 39. axb4 Rc2 40. c5 Re5 41. Ra1 bxc5 42. Rxc5 Rcxc5 43. bxc5 Rxc5 1/2-1/2

[Event "Chigorin Memorial 07th"]
[Site "St Petersburg"]
[Date "1999.11.08"]
[Round "7"]
[White "Vager, Igor"]
[Black "Medvedkov, Anton"]
[Result "1/2-1/2"]
[WhiteElo "2209"]
[BlackElo "2188"]
[PlyCount "83"]
[EventDate "1999.11.02"]
[EventType "swiss"]
[EventRounds "9"]
[EventCountry "RUS"]
[SourceTitle "CBM 074"]
[Source "ChessBase"]
[SourceDate "2000.02.01"]
[SourceVersion "1"]
[SourceVersionDate "2000.02.01"]
[SourceQuality "1"]

1. d4 Nf6 2. Nf3 g6 3. Bf4 Bg7 4. c3 0-0 5. Nbd2 d6 6. e4 Nbd7 7. Bc4 c6 8. 0-0 Qc7 9. e5 Nh5 10. exd6 exd6 11. Bg5 Ndf6 12. Re1 d5 13. Bd3 Be6 14. Nf1 Nf4 15. Bc2 Rae8 16. Ne5 N6h5 17. Nd3 Bc8 18. Qf3 Nxd3 19. Bxd3 h6 20. Bh4 Qd6 21. Re3 f5 22. Rae1 Rxe3 23. Rxe3 Qf4 24. Be7 Qxf3 25. Rxf3 Re8 26. Bd6 Re6 27. Bb8 a6 28. Re3 Kf7 29. g3 Nf6 30. Rxe6 Bxe6 31. Be5 Bf8 32. Bxf6 Kxf6 33. b4 f4 34. Kg2 Bd6 35. Kf3 fxg3 36. fxg3 h5 37. Ne3 g5 38. Kf2 Bd7 39. Be2 Kg6 40. Kf3 g4+ 41. Kf2 Bf8 42. Kg2 1/2-1/2

[Event "Chigorin Memorial 06th"]
[Site "St Petersburg"]
[Date "1998.11.07"]
[Round "7"]
[White "Gassij, Oksana"]
[Black "Vager, Igor"]
[Result "1-0"]
[WhiteElo "2105"]
[BlackElo "2320"]
[PlyCount "89"]
[EventDate "1998.10.31"]
[EventType "swiss"]
[EventRounds "9"]
[EventCountry "RUS"]
[SourceTitle "CBM 067 Extra"]
[Source "ChessBase"]
[SourceDate "1999.01.01"]
[SourceVersion "1"]
[SourceVersionDate "1999.01.01"]
[SourceQuality "1"]

1. d4 g6 2. c4 Bg7 3. Nc3 d6 4. e4 Nd7 5. Nf3 c5 6. d5 Ne5 7. Nxe5 Bxe5 8. Be2 h5 9. Be3 Nf6 10. Qc2 Ng4 11. Bg5 Bd7 12. h3 Nh6 13. Qd2 Bg7 14. 0-0-0 a6 15. e5 dxe5 16. d6 f6 17. dxe7 Qxe7 18. Nd5 Qd8 19. Bxf6 Bxf6 20. Nxf6+ Qxf6 21. Qxd7+ Kf8 22. Qxb7 Re8 23. Qc7 Nf5 24. Rd7 Re7 25. Qxc5 Kg7 26. Rxe7+ Nxe7 27. Rd1 Nf5 28. Rd5 Qg5+ 29. Kb1 Qxg2 30. Qc7+ Kh6 31. Qxe5 Rf8 32. Qf4+ Qg5 33. Qxg5+ Kxg5 34. Bd3 Kh4 35. Bxf5 gxf5 36. Rd3 f4 37. Rf3 Kg5 38. Kc2 Kf5 39. c5 Ke5 40. b4 Kd5 41. Kc3 a5 42. Rd3+ Kc6 43. a3 f3 44. Kc4 Rf4+ 45. Rd4 1-0

[Event "Chigorin Memorial 06th"]
[Site "St Petersburg"]
[Date "1998.11.03"]
[Round "4"]
[White "Vager, Igor"]
[Black "Uchitel, Stas"]
[Result "0-1"]
[WhiteElo "2320"]
[BlackElo "2100"]
[PlyCount "94"]
[EventDate "1998.10.31"]
[EventType "swiss"]
[EventRounds "9"]
[EventCountry "RUS"]
[SourceTitle "CBM 067 Extra"]
[Source "ChessBase"]
[SourceDate "1999.01.01"]
[SourceVersion "1"]
[SourceVersionDate "1999.01.01"]
[SourceQuality "1"]

1. d4 g6 2. Nf3 f5 3. Bg5 Bg7 4. c3 h6 5. Bf4 Nf6 6. Nbd2 d6 7. h3 0-0 8. Qc2 Nc6 9. e4 fxe4 10. Nxe4 Bf5 11. Nxf6+ Rxf6 12. Qd2 g5 13. Be3 Be4 14. Bc4+ d5 15. Bd3 Bxf3 16. gxf3 e5 17. h4 exd4 18. cxd4 Re6 19. 0-0-0 gxh4 20. Rdg1 Kf7 21. Rxg7+ Kxg7 22. Bxh6+ Kf7 23. Bg5 Qg8 24. Qf4+ Ke8 25. Bf5 Nxd4 26. Bxe6 Nxe6 27. Re1 Kd7 28. Qa4+ c6 29. Bxh4 Qf7 30. Bg3 Qe7 31. Kb1 a6 32. f4 Rf8 33. Qc2 Qf7 34. Ka1 Qf5 35. Qb3 Kc8 36. a3 Nd4 37. Qc3 Nc2+ 38. Ka2 Nxe1 39. Qxe1 d4 40. Qe5 d3 41. Kb3 d2 42. Qxf5+ Rxf5 43. Kc2 Rd5 44. Kd1 Rb5 45. b4 a5 46. f5 Rxf5 47. Kxd2 Rf3 0-1

[Event "Chigorin Memorial 06th"]
[Site "St Petersburg"]
[Date "1998.11.02"]
[Round "3"]
[White "Yemelin, Vasily"]
[Black "Vager, Igor"]
[Result "1-0"]
[WhiteElo "2510"]
[BlackElo "2320"]
[PlyCount "67"]
[EventDate "1998.10.31"]
[EventType "swiss"]
[EventRounds "9"]
[EventCountry "RUS"]
[SourceTitle "CBM 067 Extra"]
[Source "ChessBase"]
[SourceDate "1999.01.01"]
[SourceVersion "1"]
[SourceVersionDate "1999.01.01"]
[SourceQuality "1"]

1. e4 c5 2. Nf3 e6 3. d4 cxd4 4. Nxd4 Nc6 5. Nb5 Nf6 6. N1c3 Bb4 7. a3 Bxc3+ 8. Nxc3 d5 9. exd5 Nxd5 10. Bd2 Nxc3 11. Bxc3 Qxd1+ 12. Rxd1 f6 13. f4 Bd7 14. Bd3 0-0-0 15. 0-0 Ne7 16. Rfe1 Nd5 17. Bd2 Rde8 18. c4 Nc7 19. Be4 Ba4 20. b3 Bc6 21. Bxc6 bxc6 22. Be3 e5 23. fxe5 Rxe5 24. Bxa7 Rhe8 25. Bf2 Ne6 26. Bg3 Rxe1+ 27. Rxe1 f5 28. a4 Kd7 29. Rd1+ Ke7 30. Bd6+ Kf6 31. b4 Ra8 32. a5 Ng5 33. Bc7 Rc8 34. Bd8+ 1-0